| 000 | 00593nam a22001937a 4500 | ||
|---|---|---|---|
| 999 |
_c15815 _d15815 |
||
| 003 | AR-CdUCM | ||
| 008 | 190430b ||||| |||| 00| 0 spa d | ||
| 040 |
_aMUNICIPALIDAD PROVINCIAL DEL CUSCO _cBIBLIOTECA MUNICIPAL DEL CUSCO |
||
| 082 |
_a869.56 / _bC55 |
||
| 100 |
_aCisneros, Antonio _915095 |
||
| 245 | _aCanto ceremonial contra un oso hormiguero / | ||
| 260 |
_aLa Habana : _bCasa de las Américas, _c1968. |
||
| 300 |
_a57 páginas ; _c18 cm. |
||
| 505 | _aPoesía | ||
| 650 |
_aPoesías peruanas _91481 |
||
| 650 |
_aSiglo XX. _98 |
||
| 942 |
_2ddc _cLIBROS |
||
| 945 |
_aacv _d2019-04-30 |
||